| 000 | 00739nam a2200253Ia 4500 | ||
|---|---|---|---|
| 003 | OSt | ||
| 005 | 20220918180108.0 | ||
| 006 | a|||||r|||| 00| 0 | ||
| 007 | ta | ||
| 008 | 220917b |||||||| |||| 00| 0 eng d | ||
| 024 | _a20,630 | ||
| 037 | _cTextual | ||
| 040 |
_aARTS _cARTS _beng |
||
| 041 |
_2eng _aeng |
||
| 082 | _aSM9xM56, L9 | ||
| 100 |
_aSulloway Frank J _955665 |
||
| 245 | 0 |
_aFreud , biologist of the mind _b beyond the psychoanalytic legene |
|
| 260 |
_aGreat _bBritain Burneet Books _c1979 |
||
| 300 |
_axxvi,612p. illus _ccm. |
||
| 500 | _aBibliography 519-76p; Appendix 507-18p (A-D) | ||
| 650 | _aPSYCHOLOGY | ||
| 942 |
_hSM9xM56, L9 _cTEXL _2CC |
||
| 999 |
_c160290 _d160290 |
||